000 00815nam a22002297a 4500
999 _c7437
_d7437
003 OSt
005 20211111092848.0
008 211111b ||||| |||| 00| 0 eng d
020 _a9780415424844
040 _cDDC
082 _a320 CAR 2009
100 _aCarey, Sabine C.
_915239
245 _aProtest, repression and political regimes :
_ban empirical analysis of Latin America and Sub-Saharan Africa
260 _aNew York :
_b Routledge,
_c2009
300 _aix, 138 p. :
_b ill. ;
_c 24 cm
504 _a Includes bibliographical references
650 _aPolitical persecution -- Latin America
_915240
650 _aPolitical persecution -- Africa, Sub-Saharan
_915241
650 _aProtest movements -- Latin America
_915242
650 _aHuman rights -- Africa, Sub-Saharan
_915243
942 _2ddc
_cBOOK